000 00514nam a2200169 i 4500
001 121696
003 ES-MaACL
005 20230906191814.0
007 t|
008 070214s1964 xxu |||| | eng d
100 1 _aHenry, O.
_962602
245 1 0 _aO Henry's New York /
_cO. Henry ; selected with an introduction by J. Donald Adams.
260 _aGreenwich (Connecticut) :
_bFawcett Publications,
_c1964.
300 _aXI, 192 p. ;
_c18 cm.
700 1 _aAdams, J. Donald.
_918390
852 _aES-MaACL
_jC-35394
999 _c121696
_d121696